000 00504nam a2200181Ia 4500
001 20976
005 20260306172845.0
008 260306t2024||||xx |||||||||||||| ||spa||
041 _aESP
082 _a343.811
_bG16 2024
100 _aGálvez Ñañez, Ricardo,
_eAUT
245 0 _aPresupuesto público comentado 2024 :
_bpresupuesto por resultados y presupuesto participativo
260 _c2024
300 _a1150 páginas :
_c25 cm.
650 _aGEN
654 _aCCO
942 _cLIB
_dJUS
_fJUS
_2ddc
_n
999 _c20976
_d20976